00536nam a22001337a 4500003000900000005001700009008004100026040001300067245017600080250001100256260003700267300001800304520008000322IT-RoPau20220918181102.0130312b xxu||||| |||| 00| 0 eng d cIT-RoPau aProvincia Italia, "Essere San Paolo oggi (San Paolo Provincia Italia, n° 16, gennaio 2006)bTraccia e suggerimenti per un Progetto circoscrizionale della Provincia Italia a1° ed aRomabSSP Provincia Italiac2006 a31 pp.c21 cm aIndice Premessa Punti di Riferimento Strategie generali Proposte operative